| 000 | 05122nam a2200385 4500 | ||
|---|---|---|---|
| 003 | CHAP | ||
| 005 | 20240612124503.0 | ||
| 007 | ta | ||
| 008 | 240612s2021 mx abd|fom||| 001 0 spa d | ||
| 040 | _erda | ||
| 041 | 0 |
_aspa _beng |
|
| 100 | 1 |
_9189198 _aDiaz Guzman, Alan David |
|
| 240 | 1 | 0 |
_aAnalysis of the value network of the Bacanora agroindustry in the municipality of Bacanora, Sonora. _lEspañol |
| 245 | 1 | 0 |
_aAnálisis de la red de valor de la agroindustria del bacanora en el municipio de Bacanora, Sonora / _cAlan David Diaz Guzman |
| 264 | 0 |
_aChapingo, México : _bEl autor, _c2021 |
|
| 300 |
_a1 recurso en línea ( x, 88 páginas) : _bilustraciones, diagramas, mapas, gráficas |
||
| 336 |
_2rdacontent _atexto _btxt |
||
| 337 |
_2rdamedia _acomputadora _bc |
||
| 338 |
_2rdacarrier _arecurso en línea _bcr |
||
| 502 |
_aTesis _bIA _cAgroindustrias _d2021 _gLIC |
||
| 504 | _aBibliografía: 67-69 páginas | ||
| 520 | 3 | _aEl bacanora es la bebida destilada proveniente del estado de Sonora, actualmente es una de las 6 bebidas destiladas con denominación de origen, junto con el tequila, mezcal, raicilla, sotol y charanda. La presente investigación, se realizó en el municipio de Bacanora, Sonora. Para la obtención de datos se realizaron encuestas dirigidas a productores de maguey, productores de bacanora y a clientes o consumidores. El objetivo del estudio es caracterizar la agroindustria del bacanora en el municipio, por medio de un análisis con enfoque en redes de valor. Se determinaron los índices de adopción de innovaciones (INAI), los cuales sirvieron para analizar la dinámica de innovación de la red de innovación. Para el análisis estadístico se aplicaron el método de Clusterización Aglomerativa Jerárquica y el Análisis de Componentes Principales (método ACP). Así mismo se realizó un análisis financiero. El resultado de la metodología aplicada determinó que la dinámica de la red de valor del bacanora es deficiente, es decir existe una desorganización entre los distintos factores que la componen, esto se ve reflejado en el poco desarrollo de la agroindustria en los últimos 27 años, desde la eliminación de la prohibición de producción de bacanora. Esta es una red con bajos índices de innovación, sin embargo, es considerada rentable, debido a las utilidades generadas por la producción del destilado. Aunque el volumen de producción no ha aumentado en los últimos años, cada vez más los mercados internacionales son más exigentes en cuanto a calidad, lo que representaría una oportunidad importante para el desarrollo de esta industria. | |
| 520 | 3 | _aThe bacanora is the distilled beverage from the state of Sonora, actually, it´s one of the six distilled beverages with Designation of Origin, like tequila, mezcal, raicilla, sotol and charanda. This investigation was carried out in the municipality of Bacanora, Sonora. For data collection, Surveys were applied to maguey producers, bacanora producers, and consumers. The objective of the research is to characterize the bacanora agroindustry in the municipality through an analysis with a focus on value networks. The innovation adoption rates (INAI) were determined, which served to analyze the innovation dynamics of the innovation network. For the statistical analysis, the Hierarchical Agglomerative Clusterization Method and the Principal Components Analysis (PCA method) were applied. Así mismo se realizó un análisis financiero. The result of the applied methodology determined that the dynamics of the bacanora value network is deficient, that is, there is a disorganization between the different factors that compose it, this is reflected in the poor development of the agroindustry in the last 27 years, since the elimination of the bacanora production ban. This is a network with low innovation rates, however, it is considered profitable, due to the profits generated by the production of the distillate. Although the volume of production has not increased in recent years, more and more international markets are more demanding in terms of quality, which would represent an important opportunity for the development of this industry. | |
| 650 | 1 | 3 |
_2atg _9146806 _aBebidas alcohólicas _xOrganización industrial y estructura de mercado _zMéxico _zSonora |
| 650 | 1 | 3 |
_2atg _9148013 _aAlcoholes etílicos _zMéxico _zSonora |
| 650 | 1 | 3 |
_2atg _9150300 _aIndustria de la destilería _xOrganización industrial y estructura de mercado _zMéxico _zSonora |
| 650 | 1 | 3 |
_2atg _9160443 _aAlcoholic beverages _xIndustrial organization and market structure _zMexico _zSonora |
| 650 | 1 | 3 |
_2atg _9148015 _aDistilled spirits _zMexico _zSonora |
| 650 | 1 | 3 |
_2atg _9150297 _aDistilling industry _xIndustrial organization and market structure _zMexico _zSonora |
| 700 | 1 |
_9147446 _aEspejel García, Anastacio _edirector |
|
| 700 | 1 |
_9161577 _aBarrera Rodríguez, Adriana Isabel _easesora |
|
| 700 | 1 |
_9150304 _aRamírez Sepúlveda, Marco Favio _easesor |
|
| 856 | 4 | 0 |
_uhttp://10.13.5.2/tesis/tl/2021_IA_Diaz_Guzman_AlanDavid.pdf _yDESCARGAR PDF |
| 942 |
_2Clasificación Universidad Autónoma Chapingo _cTD |
||
| 999 |
_c219988 _d219988 |
||